01216nam a2200145Ia 4500008004100000100002400041245012500065260000900190300001500199504000800214520074700222650002100969700002800990773005201018181130s2018 xx 000 0 und d aRossler, Michael T. aIs all police academy training created equally?:bcomparing natural resource officer and general police academy training c2018 ap.107-122. dJun aAmerican policing is characterised by variety, including numerous specialty police departments. One specialty grouping are police tasked with environmental protection. Known as natural resources officers (NROs), little research has examined the academy training that these officers receive. Drawing upon a survey of almost 600 police training academies, the current inquiry explores curriculum differences between NRO-capable and general police academies. Findings indicate that NRO-equipped academies consist of fewer overall hours of training, are more likely to include instruction in marine patrol techniques, and do not differ on hours of training on traffic law enforcement. Implications for future research are discussed. - Reproduced. aPolice- Training aSuttmoeller, Michael J. aPolice Journal: Theory, Practice and Principles